000 00220nam a22000857a 4500
008 161112b xxu||||| |||| 00| 0 eng d
100 _91168
_aGupta.S.C.etal.
245 _aCCE Social Science-5
260 _aNew Delhi
_bFrank
_c2012
999 _c3843
_d3843